000 00580nam a2200229Ia 4500
003 OSt
005 20221005123159.0
006 a|||||r|||| 00| 0
007 ta
008 221004b |||||||| |||| 00| 0 tam d
024 _a9678
037 _cTextual
040 _aCRL
_cCRL
_btam
041 _2tam
_atam
082 _aO31,1C92:g, L5
100 _aMeenakshi Sundaram
_9627725
245 0 _aKudi makkal kappiam
260 _c1951
650 _aTAMIL LITERATURE
942 _hO31,1C92:g, L5
_cTEXL
_2cc
999 _c1046640
_d1046640